000 00999nam0a2200253 4500
001 RU\NLR\BIBL_A\010751131
005 20260628155056.0
035 _a(NLR Aleph) 010751131
090 _a13739675
_c13739675
100 _a20150513d1957 u y0rusy50 ca
101 0 _aaze
102 _aAZ
105 _ay z 000 y
200 1 _aСовет тиҹарәтиндә мүһасибат учоту
_fН. И. Илин
210 _aБакы
_cАзәрнәшр
_d1957
215 _a696 с.
_d22
541 1 _aБухгалтерский учет в советской торговле
_zrus
606 1 _aТорговля
_xБухгалтерский учет
_91121215
_3RU\NLR\AUTH\66444286
686 1 _aУ052.9(2)242.1
700 1 _4070
_7ca
_8rus
_aИльин
_bН. И.
_cд-р экон. наук, бух. учет
_gНиколай Иванович
_9218859
_3RU\NLR\AUTH\770218915
852 _aNLR
_bОНЛ
_jАзерб./3-5360
942 _cBOOK
980 _aNB